City to Country - Sudden Death - Statistics

General Stats
  • This quiz has been taken 37 times
  • The average score is 9 of 17
Answers on the Grid
Answers color-coded by a green-red scale on the quiz's grid according to % correct below.
China - Shanghai
India - Hyderabad
Indonesia - Surabaya
South Africa - Johannesburg
Angola - Cabinda
Egypt - Alexandria
Ethiopia - Dire Dawa
Ivory Coast - Abidjan
Nigeria - Ibadan
Germany - Munich
France - Toulouse
Poland - Szczecin
Cuba - Havana
Canada - Brampton
Colombia - Cartagena
Brazil - Maceió
Australia - Hobart
Kazakhstan - Kharkiv
Vietnam - Dar es Salaam
Philippines - Santa Fe
Senegal - Sousse
D.R.C - Matola
Spain - Palermo
Italy - San Bernardino
Sweden - Douala
UK - Cairns
Mexico - Angeles
Panama - San Pedro Sula
Argentina - Santa Cruz
Peru - Coquitlam
 
Answer Stats
Answer % Correct
Cuba - Havana
81%
China - Shanghai
81%
Egypt - Alexandria
81%
Germany - Munich
81%
South Africa - Johannesburg
78%
France - Toulouse
74%
India - Hyderabad
63%
Australia - Hobart
59%
Indonesia - Surabaya
59%
Canada - Brampton
48%
Colombia - Cartagena
48%
Ivory Coast - Abidjan
48%
Poland - Szczecin
37%
Nigeria - Ibadan
33%
Brazil - Maceió
30%
Angola - Cabinda
26%
Ethiopia - Dire Dawa
19%
No matching quizzes found
Score Distribution
Percent of People with Each Score
Percentile by Number Answered
Your Score History
You have not taken this quiz